Study on possibility of energy source utilization from wood plants in forest community srie ronong commune tramkok district takeo province, សិក្សាពីលទ្ធភាពនៃការប្រើប្រាស់ប្រភពតាមពលពីរុក្ខជាតិឈើ នៅសហគមន៍ព្រៃឈើ ឃុំស្រែរនោង ស្រុកត្រាំកក់ ​ខេត្តតាកែវ (Record no. 3149)

000 -LEADER
fixed length control field 00808nam a22001577a 4500
003 - CONTROL NUMBER IDENTIFIER
control field OSt
005 - DATE AND TIME OF LATEST TRANSACTION
control field 20151104162622.0
008 - FIXED-LENGTH DATA ELEMENTS--GENERAL INFORMATION
fixed length control field 151104b xxu||||| |||| 00| 0 eng d
040 ## - CATALOGING SOURCE
Transcribing agency RUA
082 ## - DEWEY DECIMAL CLASSIFICATION NUMBER
Classification number FOR CHH 1999 B126 Or.1
100 ## - MAIN ENTRY--PERSONAL NAME
9 (RLIN) 3376
Personal name CHHIN, THY.
245 ## - TITLE STATEMENT
Title Study on possibility of energy source utilization from wood plants in forest community srie ronong commune tramkok district takeo province, សិក្សាពីលទ្ធភាពនៃការប្រើប្រាស់ប្រភពតាមពលពីរុក្ខជាតិឈើ នៅសហគមន៍ព្រៃឈើ ឃុំស្រែរនោង ស្រុកត្រាំកក់ ​ខេត្តតាកែវ
260 ## - PUBLICATION, DISTRIBUTION, ETC. (IMPRINT)
Place of publication, distribution, etc. Phnom Penh
Name of publisher, distributor, etc. RUA
Date of publication, distribution, etc. 1999
300 ## - PHYSICAL DESCRIPTION
Extent 67p.
Other physical details ill.
Dimensions 29cm.
942 ## - ADDED ENTRY ELEMENTS (KOHA)
Source of classification or shelving scheme
Koha item type FOR
Holdings
Price effective from Date last seen Permanent Location Not for loan Date acquired Source of classification or shelving scheme Koha item type Barcode Lost status Damaged status Shelving location Withdrawn status Current Location Full call number
2015-11-042015-11-04Library Block B 2015-11-04 FORRUA032434  B126 Library Block BFOR CHH 1999 B126 Or.1
2015-11-042015-11-04Library Block B 2015-11-04 FORRUA032427  B126 Library Block BFOR CHH 1999 B126 Or.2
2015-11-042015-11-04Library Block B 2015-11-04 FORRUA026368  B126 Library Block BFOR CHH 1999 B126 Or.3
2015-11-042015-11-04Library Block B 2015-11-04 FORRUA027000  B126 Library Block BFOR CHH 1999 B126 Or.4
មជ្ឈមណ្ឌលឯការនៃសាកលវិទ្យាល័យភូមិន្ទកសិកម្មចំការដូង

Powered by Koha